| 000 | 00539nam a2200145 a 4500 | ||
|---|---|---|---|
| 008 | 120416s9999 xx |||||||||||||| || u | ||
| 050 | _aHD 31 Man | ||
| 100 | _aDoktor, Robert H | ||
| 245 | 1 | 0 |
_aManagerial insights, analysis, decisions, and implementation _cedited by R.H. Doktor |
| 350 | _a0.00 | ||
| 650 | 0 | _aMANAGEMENT | |
| 650 | _aMANAGERIAL INSIGHTS | ||
| 650 | _aMANAGERIAL DECISIONS | ||
| 995 |
_D0.00 _FCBU-MAIN LIBRARY (Kitwe) _H1 _I0.00 _M1 _UDAMAGED _ZMain Library Open Access Collection |
||
| 999 |
_c50089 _d50089 |
||